Tactics of Organic Synthesis /

Salvato in:
Dettagli Bibliografici
Autore principale: Ho, Tse-Lok (Autore)
Natura: Libro
Lingua:inglese
Pubblicazione: New York : John Wiley & Sons, 1994
Tags: Aggiungi Tag
Nessun Tag, puoi essere il primo ad aggiungerne!!

MARC

LEADER 00000nam a22000003a 4500
001 stu23607
005 20190206124510.9
008 951123s1994----xxu-----------------eng-d
020 |a 0-471-59896-8 
040 |a STU  |b slo 
041 0 |a eng 
044 |a xxu 
080 |a 547.07  |7 stu_us_auth*stu5762 
100 1 |a Ho, Tse-Lok  |4 aut 
245 1 |a Tactics of Organic Synthesis /  |c [aut.]Ho,Tse-Lok 
260 |a New York :  |b John Wiley & Sons,  |c 1994 
300 |a 450 s :  |b Index,lit 
996 |b C93887  |c C*93887  |l CCIV  |s P  |a 0  |w stu23607_0001